000 00869cab a2200229 4500
001 E2722
008 090401t1995 xxu||||| |||| 00| 0 eng d
035 _a(Sirsi) u40628
041 _aeng
245 _aLawson v Lord Strathcona
260 _c1995
350 _a0
490 _aSLC
_v1996 R 133-137(5)
520 _aFull Court. Lord Philip, D D McDiarmid, D M Macdonald. Application Strathclyde RN 350 - order of 10 October 1995. Expenses - award of expenese against respondent - motion by applicant for percentage increase of solicitor`s fees to cover responsibility undertaken by the solicitor - obligation on solicitor making such a motion to satisfy the court that an increase is justified.
650 _aACT OF SEDERUNT
650 _aEXPENSES
650 _aSCOTTISH LAND COURT
650 _aSLC
690 _aLAW
942 _n0
948 _c04/03/1997
999 _c26034
_d26034